Christie's rethink online auctions (Record no. 61392)

MARC details
000 -LEADER
fixed length control field 00660cam a2200205 4500
001 - CONTROL NUMBER
control field WB3546-02
008 - FIXED-LENGTH DATA ELEMENTS--GENERAL INFORMATION
fixed length control field 000000n1999 000 0 eng u
035 ## - SYSTEM CONTROL NUMBER
System control number (Sirsi) u102371
245 ## - TITLE STATEMENT
Title Christie's rethink online auctions
260 ## - PUBLICATION, DISTRIBUTION, ETC.
Date of publication, distribution, etc. 1999
490 ## - SERIES STATEMENT
Series statement Antiques Trade Gazette
Volume/sequential designation (1414) 20 November 1999, 1(1)
520 ## - SUMMARY, ETC.
Summary, etc. Christie's International has shelved plans to sell online and is radically rethinking its internet policy. Website available at www.christies.com
590 ## - LOCAL NOTE (RLIN)
Local note WB
650 0# - SUBJECT ADDED ENTRY--TOPICAL TERM
Topical term or geographic name entry element CHRISTIES
650 ## - SUBJECT ADDED ENTRY--TOPICAL TERM
Topical term or geographic name entry element Auctioneering
9 (RLIN) 6218
650 ## - SUBJECT ADDED ENTRY--TOPICAL TERM
Topical term or geographic name entry element INTERNET
650 ## - SUBJECT ADDED ENTRY--TOPICAL TERM
Topical term or geographic name entry element INTERNET AUCTIONS
690 ## - LOCAL SUBJECT ADDED ENTRY--TOPICAL TERM (OCLC, RLIN)
Topical term or geographic name as entry element Auctioneering
9 (RLIN) 6218
942 ## - ADDED ENTRY ELEMENTS (KOHA)
Suppress in OPAC 0
Holdings
Withdrawn status Lost status Source of classification or shelving scheme Damaged status Not for loan Home library Current library Shelving location Date acquired Total Checkouts Full call number Barcode Date last seen Copy number Price effective from Koha item type
    Dewey Decimal Classification     London London News article 19/11/1999   WB3546-02 102371-1001 06/08/2019 1 06/08/2019 News article